000 00686nam a22002177a 4500
003 UA-OsUOA
001 116641
007 ta
008 20160324b un ||||| |||| 00| 0 ukr d
100 _aЯковлев А.І.
090 _a330(477)
_bЯ47
942 _cSA
040 _aUA-OsUOA
_bukr
_cUA-OsUOA
_dUA-OsUOA
245 _aСтруктура показників наукоємності на сучасному етапі економічного розвитку
300 _aС.38-45
955 _a0
041 _aukr
080 _a330(477)
773 0 _w116638
_tНаука та наукознавство
_dК.
_d2015
_g4
650 7 _a330 Економіка взагалі
_2UDC
999 _c402526
_d402526